Where three empires meet (Record no. 369491)

000 -LEADER
fixed length control field 00461cam a22001457a 4500
008 - FIXED-LENGTH DATA ELEMENTS--GENERAL INFORMATION
fixed length control field 180718b1905 xxu||||| |||| 00| 0 eng d
082 ## - DEWEY DECIMAL CLASSIFICATION NUMBER
Classification number A72x5431 K744
100 ## - MAIN ENTRY--PERSONAL NAME
Personal name Knight, E.F.
245 ## - TITLE STATEMENT
Title Where three empires meet
Statement of responsibility, etc. by E.F. Knight
260 ## - PUBLICATION, DISTRIBUTION, ETC.
Place of publication, distribution, etc. Bombay
Name of publisher, distributor, etc. Longmans
Date of publication, distribution, etc. 1905
300 ## - PHYSICAL DESCRIPTION
Extent 528p.
500 ## - GENERAL NOTE
General note Travels in Kashmir, Western Tiber, G:light and adjoining countries
650 ## - SUBJECT ADDED ENTRY--TOPICAL TERM
Topical term or geographic name entry element Tibet - Description & travel
650 ## - SUBJECT ADDED ENTRY--TOPICAL TERM
Topical term or geographic name entry element Kashmir - Description & travel
Holdings
Withdrawn status Lost status Damaged status Not for loan Permanent Location Current Location Date acquired Full call number Barcode Date last seen Price effective from Koha item type
        Indian Institute of Public Administration Indian Institute of Public Administration 1994-06-01 A72x5431 K744 13299 2018-07-21 2018-07-21 Book

Powered by Koha